Közép-Európa vonzásában az újvidéki Tanulmányok 2021/2. számáról /

Elmentve itt :
Bibliográfiai részletek
Szerző: Németh Ákos
Dokumentumtípus: Cikk
Megjelent: Szegedi Tudományegyetem, Bölcsészet- és Társadalomtudományi Kar Szeged 2022
Sorozat:Iskolakultúra 32 No. 4
Kulcsszavak:Horthy-korszak - könyvismertetés, Magyarország története - 20. sz. - könyvismertetés, Nyelvészet - kognitív - könyvismertetés, Magyar irodalom története - könyvismertetés
Tárgyszavak:
Online Access:http://misc.bibl.u-szeged.hu/70872
LEADER 01004nab a2200217 i 4500
001 misc70872
005 20220608090242.0
008 220608s2022 hu o 0|| hun d
022 |a 1215-5238 
040 |a SZTE Miscellanea Repozitórium  |b hun 
041 |a hun 
100 1 |a Németh Ákos 
245 1 0 |a Közép-Európa vonzásában   |h [elektronikus dokumentum] :  |b az újvidéki Tanulmányok 2021/2. számáról /  |c  Németh Ákos 
260 |a Szegedi Tudományegyetem, Bölcsészet- és Társadalomtudományi Kar  |b Szeged  |c 2022 
300 |a 118-121 
490 0 |a Iskolakultúra  |v 32 No. 4 
650 4 |a Bölcsészettudományok 
650 4 |a Történettudomány és régészet 
650 4 |a Nyelvek és irodalom 
695 |a Horthy-korszak - könyvismertetés, Magyarország története - 20. sz. - könyvismertetés, Nyelvészet - kognitív - könyvismertetés, Magyar irodalom története - könyvismertetés 
856 4 0 |u http://misc.bibl.u-szeged.hu/70872/1/iskolakultura_2022_004_118-121.pdf  |z Dokumentum-elérés